Prototyping and modelmaking for product design /

Gespeichert in:
Bibliographische Detailangaben
1. Verfasser: Hallgrimsson, Bjarki (Verfasst von)
Format: Buch
Sprache:Englisch
Veröffentlicht: London : Laurence King Publishing, 2016
Ausgabe:1. vydanie
Schlagworte:
Tags: Tag hinzufügen
Keine Tags, Fügen Sie das erste Tag hinzu!

MARC

LEADER 00000nam a22000003a 4500
001 0022508
003 SK-STU
005 20170308125348.1
007 ta
008 170308s ----xo-----e------000-0-----d
020 |a 978-1-85669-876-4 
040 |a STU  |b slo 
041 0 |a eng 
044 |a xxk 
100 1 |a Hallgrimsson, Bjarki  |4 aut  |r Z6 
245 1 0 |a Prototyping and modelmaking for product design /  |c aut. Bjarki Hallgrimsson 
250 |a 1. vydanie 
260 |a London :  |b Laurence King Publishing,  |c 2016 
300 |a 192 s. 
650 0 7 |a dizajn produktový 
650 0 7 |a dizajn výrobkov 
996 |b 284AU06927  |c A* 10062/U  |l AAKNST  |s P  |a 0  |w 0022508_0001 
996 |b 284AU06928  |c A* 10063/U  |l AAKNAR  |s A  |a 24  |w 0022508_0002